000 00382nam a22001577a 4500
020 _a590-84906-9
082 _a823
_bDAD/M
100 _aDADEY, DEBBIE
245 _aMERMAIDS DON'T RUN TRACK
_bSHORT STORY
246 _aMERMAIDS DON'T RUN TRACK
_bSHORT STORY
260 _aUSA
_bSCOLASTIC INC.
_c1997
300 _a73
520 _aSHORT STORY
650 _aSHORT STORY
942 _cBK
999 _c2801
_d2801